000 00731nam a2200181 i 4500
001 146131
003 ES-MaACL
005 20230906201427.0
007 t|
008 070903s1912 sp |||| | spa d
100 1 _aTorres Lanzas, Pedro.
_9110975
245 1 0 _aIndependencia de América
_b: fuentes para su estudio : catálogo de documentos conservados en el Archivo General de Indias de Sevilla /
_cPedro Torres Lanzas.
260 _aMadrid :
_b[s.n.],
_c1912 (
_fTip. de la Soc. Pub. Históricas)
300 _a6 v. ;
_c23 cm.
610 2 4 _aArchivo General de Indias-
_xCatálogos.
_91431
651 4 _aAmérica española-
_xHistoria-
_y1806-1830, Guerras de la Independencia-
_vFuentes.
_9168816
852 _aES-MaACL
_jF-1901-06
999 _c146131
_d146131